000 00308nam a22001337a 4500
008 170328b xxu||||| |||| 00| 0 eng d
020 _a9780736051378
041 _aeng
080 _23 ED
_a796.3
100 _a8
101 _aSHM
245 _aMANAGMENT STRATEGIES ATHLETIC TRAINING
_cRAY.R
942 _2udc
_cBK
999 _c8806
_d8806